[Event "BCF-chT3S 1213 (4NCL)"]
[Site "England"]
[Date "2012.11.03"]
[Round "1.129"]
[White "Cook, Michael P"]
[Black "Nettleton, Charlie"]
[Result "1/2-1/2"]
[WhiteElo "2039"]
[BlackElo "1836"]
[PlyCount "77"]
[EventDate "2012.11.03"]
[EventType "team-swiss"]
[EventRounds "6"]
[EventCountry "ENG"]
[SourceTitle "EXT 2014"]
[Source "ChessBase"]
[SourceDate "2013.11.20"]
[SourceVersion "1"]
[SourceVersionDate "2013.11.20"]
[SourceQuality "1"]
[WhiteTeam "Anglian Avengers II"]
[BlackTeam "Sons of Anarchy"]
[WhiteTeamCountry "ENG"]
[BlackTeamCountry "ENG"]

1. d4 Nf6 2. Nf3 e6 3. e3 c5 4. Bd3 d5 5. b3 Nc6 6. 0-0 b6 7. Bb2 Bd6 8. Ne5 Qc7 9. f4 Nb4 10. Nc3 Nxd3 11. Qxd3 0-0 12. Nb5 Qe7 13. Nxd6 Qxd6 14. Rf3 Ne4 15. Rh3 f6 16. dxc5 bxc5 17. Nf3 Ba6 18. Qd1 Rfd8 19. Qe1 h6 20. Rd1 Qc6 21. Nd2 d4 22. Nxe4 Qxe4 23. exd4 Qxe1+ 24. Rxe1 cxd4 25. Rf3 Rac8 26. Rf2 Rc6 27. Rd1 Rcd6 28. Rfd2 e5 29. fxe5 fxe5 30. c3 dxc3 31. Bxc3 Rxd2 32. Rxd2 Rxd2 33. Bxd2 Bd3 34. Bc3 e4 35. Kf2 Kf7 36. Ke3 g6 37. Kd4 Ke6 38. Bd2 h5 39. h4 1/2-1/2

[Event "BCF-chT3 1112 (4NCL)"]
[Site "England"]
[Date "2012.05.06"]
[Round "10.90"]
[White "Reid, John1"]
[Black "Cook, Michael P"]
[Result "1/2-1/2"]
[WhiteElo "2013"]
[BlackElo "2039"]
[PlyCount "89"]
[EventDate "2011.11.12"]
[EventType "team-swiss"]
[EventRounds "11"]
[EventCountry "ENG"]
[SourceTitle "EXT 2013"]
[Source "ChessBase"]
[SourceDate "2012.11.22"]
[SourceVersion "1"]
[SourceVersionDate "2012.11.22"]
[SourceQuality "1"]
[WhiteTeam "Hackney"]
[BlackTeam "Anglian Avengers II"]
[WhiteTeamCountry "ENG"]
[BlackTeamCountry "ENG"]

1. d4 d5 2. c4 e6 3. cxd5 exd5 4. Nf3 c5 5. g3 Nc6 6. Bg2 Nf6 7. 0-0 Be6 8. Be3 Ng4 9. Bf4 Be7 10. Nc3 0-0 11. Rc1 g5 12. Bd2 Nxd4 13. Nxd4 cxd4 14. Na4 Rc8 15. Rxc8 Qxc8 16. b3 h6 17. Nb2 Nf6 18. Bc1 Bc5 19. Nd3 Bb6 20. h4 Ne4 21. hxg5 hxg5 22. Bb2 f6 23. Nb4 a5 24. Nc2 Nc3 25. Qd2 Kg7 26. e3 Bh3 27. Bxc3 Bxg2 28. Kxg2 Qxc3 29. Qxc3 dxc3 30. Rd1 d4 31. exd4 Rc8 32. Kf3 Bc7 33. Ke4 Kg6 34. a3 b5 35. b4 axb4 36. axb4 Bd6 37. Rb1 f5+ 38. Kd5 Be7 39. Re1 Bf6 40. Re6 Rh8 41. Kc5 Rh2 42. Re2 f4 43. gxf4 gxf4 44. Ne1 Rh5+ 45. d5 1/2-1/2

[Event "BCF-chT2a 0910 (4NCL)"]
[Site "England"]
[Date "2010.02.21"]
[Round "6.6"]
[White "Webb, Matthew"]
[Black "Cook, Michael P"]
[Result "1/2-1/2"]
[WhiteElo "1986"]
[BlackElo "2073"]
[PlyCount "141"]
[EventDate "2009.10.24"]
[EventType "team-tourn"]
[EventRounds "7"]
[EventCountry "ENG"]
[SourceTitle "EXT 2010"]
[Source "ChessBase"]
[SourceDate "2010.11.25"]
[SourceVersion "1"]
[SourceVersionDate "2010.11.25"]
[SourceQuality "1"]
[WhiteTeam "White Rose II"]
[BlackTeam "Anglian Avengers"]
[WhiteTeamCountry "ENG"]
[BlackTeamCountry "ENG"]

1. e4 e5 2. Bc4 Nf6 3. d4 exd4 4. Nf3 Nc6 5. e5 d5 6. Bb5 Ne4 7. Nxd4 Bd7 8. Bxc6 bxc6 9. 0-0 Be7 10. f3 Nc5 11. Nc3 0-0 12. Re1 Ne6 13. Kh1 Nxd4 14. Qxd4 Bf5 15. Be3 Qb8 16. b3 Qb4 17. Na4 Rfe8 18. Qxb4 Bxb4 19. c3 Be7 20. Bc5 Bg5 21. g3 Bd3 22. f4 Bh6 23. Bd4 Be4+ 24. Kg1 g5 25. Nc5 Bf5 26. Kg2 g4 27. h3 gxh3+ 28. Kf3 Bf8 29. g4 Bc8 30. f5 h5 31. Kf4 hxg4 32. Kxg4 Kh7 33. e6 fxe6 34. Nxe6 Bxe6 35. fxe6 Bd6 36. Kxh3 Rg8 37. Be5 Rg6 38. Bxd6 cxd6 39. e7 Re8 40. Re3 Kg7 41. Kh2 Rh8+ 42. Rh3 Rxh3+ 43. Kxh3 Re6 44. Rd1 Kf7 45. Rd4 Re3+ 46. Kg2 Rxc3 47. Ra4 Kxe7 48. Rxa7+ Ke6 49. Kf2 d4 50. Ke2 Ke5 51. Kd2 c5 52. Ra6 Rg3 53. Kc2 Ke4 54. Rxd6 Rg2+ 55. Kb1 Kd3 56. Rd5 c4 57. bxc4 Kc3 58. a4 d3 59. c5 d2 60. c6 Rg1+ 61. Ka2 Rg4 62. Ka3 Rc4 63. a5 Rxc6 64. Rxd2 Kxd2 65. Kb4 Kd3 66. Kb5 Rc2 67. a6 Kd4 68. a7 Ra2 69. Kb6 Kd5 70. Kb7 Rb2+ 71. Kc7 1/2-1/2

[Event "ENG-ch Seniors"]
[Site "Dovedale"]
[Date "2008.01.31"]
[Round "4"]
[White "Price, Andrew"]
[Black "Cook, Michael P"]
[Result "1/2-1/2"]
[WhiteElo "1728"]
[BlackElo "1968"]
[PlyCount "52"]
[EventDate "2008.01.28"]
[EventType "swiss"]
[EventRounds "5"]
[EventCountry "ENG"]
[SourceTitle "EXT 2009"]
[Source "ChessBase"]
[SourceDate "2008.11.26"]
[SourceVersion "1"]
[SourceVersionDate "2008.11.26"]
[SourceQuality "1"]

1. e4 e5 2. Nc3 Nf6 3. f4 d5 4. fxe5 Nxe4 5. Nf3 Bc5 6. d4 Bb4 7. Bd2 c5 8. a3 Bxc3 9. Bxc3 0-0 10. Be2 Nc6 11. Qd3 Bf5 12. Qe3 cxd4 13. Bxd4 f6 14. 0-0 Bg4 15. exf6 Nxf6 16. Bd3 Re8 17. Qf4 Nxd4 18. Qxd4 Bxf3 19. Rxf3 b6 20. Raf1 Qe7 21. Rg3 Kh8 22. b4 Qe5 23. Qh4 Qh5 24. Qf4 Qe5 25. Qh4 Qh5 26. Qf4 Qe5 1/2-1/2

[Event "BCF-chT3 0708 (4NCL)"]
[Site "Sunningdale"]
[Date "2008.01.13"]
[Round "6.6"]
[White "Coates, David H"]
[Black "Cook, Michael P"]
[Result "1-0"]
[WhiteElo "2056"]
[BlackElo "2105"]
[PlyCount "115"]
[EventDate "2007.09.15"]
[EventType "team-tourn"]
[EventRounds "11"]
[EventCountry "ENG"]
[SourceTitle "EXT 2023"]
[Source "ChessBase"]
[SourceDate "2022.10.05"]
[SourceVersion "1"]
[SourceVersionDate "2022.10.05"]
[SourceQuality "1"]
[WhiteTeam "Pandoras Box"]
[BlackTeam "Anglian Avengers"]
[WhiteTeamCountry "ENG"]
[BlackTeamCountry "ENG"]

1. e4 e5 2. Nf3 Nc6 3. d4 exd4 4. Nxd4 Bb4+ 5. c3 Be7 6. Be3 Nf6 7. Nd2 0-0 8. Be2 d5 9. Bf3 Ne5 10. Qc2 dxe4 11. Nxe4 c5 12. Nb3 Nd3+ 13. Kf1 c4 14. Nd4 Nd5 15. Bd2 f5 16. Ng3 Bc5 17. b3 Ne5 18. Be2 f4 19. Ne4 Ne3+ 20. Bxe3 fxe3 21. f3 Bxd4 22. cxd4 Qxd4 23. Rd1 Qb6 24. Qc3 Qc7 25. Nd6 Qe7 26. Qxe3 Qf6 27. Nxc4 Ng4 28. Qd4 Qe7 29. h3 Nf6 30. Qd6 Qe6 31. Ne5 Qxd6 32. Rxd6 g6 33. Bc4+ Kg7 34. Rd4 Bf5 35. Kf2 Rfe8 36. Re1 Rad8 37. Rxd8 Rxd8 38. Re2 a6 39. a4 h5 40. Nf7 Rf8 41. Nd6 Bc8 42. Nxb7 Bxb7 43. Re7+ Kh6 44. Rxb7 Ne4+ 45. Kg1 Ng3 46. Bxa6 h4 47. Rd7 Re8 48. Kf2 Nh1+ 49. Kf1 Ng3+ 50. Kg1 Re3 51. Bc4 Rc3 52. Rd1 Rc2 53. Ra1 Nf5 54. Bd3 Rb2 55. Bxf5 gxf5 56. a5 Rxb3 57. a6 Rb8 58. a7 1-0

[Event "Kavala op 05th"]
[Site "Kavala"]
[Date "1995.??.??"]
[Round "3"]
[White "Cook, Michael P"]
[Black "Pesic, Ninoslav"]
[Result "0-1"]
[WhiteElo "2100"]
[BlackElo "2340"]
[PlyCount "86"]
[EventDate "1995.??.??"]
[EventType "swiss"]
[EventRounds "9"]
[EventCountry "GRE"]
[SourceTitle "EXT 1997"]
[Source "ChessBase"]
[SourceDate "1996.11.15"]
[SourceVersion "1"]
[SourceVersionDate "1996.11.15"]
[SourceQuality "1"]

1. d4 Nf6 2. Bg5 Ne4 3. h4 c5 4. d5 g6 5. Qd3 Nxg5 6. Qc3 f6 7. hxg5 Bg7 8. Nd2 d6 9. Ngf3 0-0 10. Qd3 Bd7 11. g3 b5 12. Qe4 Rf7 13. gxf6 exf6 14. Qh4 h6 15. Bh3 g5 16. Qh5 f5 17. Bg2 Be8 18. g4 f4 19. Nxg5 Qxg5 20. Qxg5 hxg5 21. Ne4 Bxb2 22. Rb1 Be5 23. Nxg5 Re7 24. Be4 Bc3+ 25. Kf1 Bd7 26. Ne6 Na6 27. Rh5 Bxe6 28. dxe6 Rb8 29. Rf5 Nc7 30. Rxf4 Rf8 31. Rf5 Rxf5 32. gxf5 Kg7 33. Rd1 Ne8 34. Bc6 b4 35. Bxe8 Rxe8 36. Rxd6 Kf6 37. Rc6 Kxf5 38. Rxc5+ Kxe6 39. a3 Kd6 40. Rc4 Kd5 41. Rc7 a5 42. axb4 Bxb4 43. Ra7 Rc8 0-1